| 000 | 00598nam a2200193 a 4500 | ||
|---|---|---|---|
| 001 | 1083 | ||
| 003 | CDMR | ||
| 005 | 20131023123321.0 | ||
| 008 | 130130s1932||||||||||||||||||||||||||||d | ||
| 040 |
_aCDMR _bcat _cCDMR |
||
| 100 | 1 |
_aMaragall, Joan _9196 |
|
| 245 | 1 | 3 |
_aEl sentiment de pàtria _b: articles _cJoan Maragall ; amb un pròleg de F. Cambó |
| 260 |
_aBarcelona _c1932 _bSala PArés Llibreria |
||
| 300 |
_a168 p ; _c17 cm |
||
| 490 | 0 |
_aObres completes de Joan Maragall _vVol. 13 |
|
| 500 | _aEdició dels Fills de Joan Maragall | ||
| 700 | 1 |
_aCambó, Francesc _epr. _9852 |
|
| 942 |
_cMON _2udc |
||
| 999 |
_c1083 _d1083 |
||